000 00631cam a2200229 4500500
005 20260329002722.0
041 _afre
042 _adc
100 1 0 _aNathan, Tobie
_eauthor
245 0 0 _aLes Théorèmes du moi
260 _c2013.
500 _a22
690 _aCatherine Portevin
690 _aDandysme
690 _aEgo
690 _aIndividu
690 _aMoi
690 _aNicolas Grimaldi
690 _aSnobisme
786 0 _nPhilosophie magazine | 69 | 5 | 2013-05-01 | p. 60-61 | 1951-1787
856 4 1 _uhttps://shs.cairn.info/magazine-philosophie-magazine-2013-5-page-60?lang=fr&redirect-ssocas=7080
999 _c1817723
_d1817723